=LDR 00000nam 2200000 4500 =001 INLIS000000000022472 =990 ##$$a 73.456/Pro-94 =005 20130612121227 =990 ##$$a 0001/BPAP-NTB/2016 =008 ***********************************Ind** =035 ##$$0010-061300000022472 =041 ##$$a Ind =082 ##$$a 418 =090 ##$$a 418, Suk a =100 ##$$a Sukasworo =245 ##$$a Apresiasi bahasa dan sastra indonesia, Sukasworo =260 ##$$a 1990 $b Yoyakarta =300 ##$$a 209 hlm, 21 cm =650 ##$$a Sastra Indonesia =850 ##$$a NBPNMAT =990 ##$$a 0001/BPAP-NTB/2016 =990 ##$$a 0001/BPAP-NTB/2016